Estatísticas para Rio Grande do Sul de A a Z

Clique aqui para jogar o quiz

Estatísticas Gerais

  • Esse quiz foi jogado 164 vezes
    (45 desde o último reset)
  • A pontuação média é 14 de 26

Estatísticas das Respostas

LetraDicaResposta% Correto
CBebida típica apreciada em rodas de conversaChimarrão
100%
BExpressão polivalente usada pelos gaúchosBah
95%
FRevolução que tornou o Rio Grande do Sul um país independente por 9 anosFarroupilha
95%
GMaior clássico de futebol do estadoGrenal
91%
APinheiro comum nas paisagens gaúchas, que nos dá o pinhãoAraucária
84%
HBanda de rock do clássico 'O Papa É Pop'. Engenheiros do _____Hawaii
79%
PMaior laguna da América do Sul, muito proeminente em qualquer mapa do Rio Grande do Sul e ainda tratada por lagoa no popular. Lagoa dos _____Patos
79%
NCapital Nacional do Calçado e última parada do metrô de Porto AlegreNovo Hamburgo
65%
UCidade fronteiríça conhecida pelo seu carnaval fora de épocaUruguaiana
65%
ZJornal de maior circulação do estado, com sede na capitalZero Hora
63%
TCidade famosa pelos paredões de basalto à beira-marTorres
60%
EEscritor da série literária 'O Tempo e o Vento'Érico Veríssimo
58%
OMunicípio do litoral norte famoso pela geração de energia eólicaOsório
56%
JPrincipal rio do estado, deságua no GuaíbaJacuí
51%
KNome do prêmio concedido pelo Festival de Cinema de GramadoKikito
49%
RCidade-irmã de Sant'Ana do Livramento, do outro lado da 'Fronteira da Paz' no UruguaiRivera
49%
MSistema iniciado no século XVI no estado onde padres catequizavam povos nativos e cujas ruiínas sobrevivem até hojeMissões Jesuíticas
44%
SPadroeiro do Estado, homenageado no primeiro nome dado a provínciaSão Pedro
42%
YOrixá cultuada em regiões próximas a corpos d'água no estadoYemanjá
40%
QFilme de 1995 indicado ao Oscar de Melhor Filme Estrangeiro e que se passa no estado. O _______Quatrilho
33%
IPrincipal cânion do Parque Nacional dos Aparados da Serra, em Cámbara do SulItaimbezinho
30%
VRota turística em Bento Gonçalves, lar de vinícolas famosasVale dos Vinhedos
26%
DRelevo onde se encontram fósseis de dinossauro, na região de Santa MariaDepressão Central
19%
LBatalhão massacrado pelo exército imperial durante a revolução da letra 'F'Lanceiros Negros
16%
XForma alternativa do churrasco que adiciona vegetais ao espeto. Seu nome provavelmente vem de 'sish kebab'Xixo
16%
WPintor realista das obras 'Tempora mutantur' e 'Chegou Tarde'. Pedro __________Weingärtner
2%

Distribuição das Pontuações

Percentil de Números Respondidos

Porcentagem de Pessoas com Cada Pontuação

Sua Pontuação Histórica

Você não jogou esse quiz desde o último reset